Normal view
MARC view
- Science writers
Entry Topical Term
001 - CONTROL NUMBER
- control field: 10036
003 - CONTROL NUMBER IDENTIFIER
- control field: NUST
005 - DATE AND TIME OF LATEST TRANSACTION
- control field: 20180227060953.0
008 - FIXED-LENGTH DATA ELEMENTS
- fixed length control field: 180227|| aca||aabn | a|a d
040 ## - CATALOGING SOURCE
- Original cataloging agency: NUST
- Transcribing agency: NUST
150 ## - HEADING--TOPICAL TERM
- Topical term or geographic name entry element: Science writers
- Form subdivision: Fiction.
670 ## - SOURCE DATA FOUND
- Source citation: Work cat.: (NUST)0: Sparks, Nicholas. 10035, True believer /, 2005.
